000 04898cam a2200469 i 4500
999 _c234620
_d234620
001 18202380
003 Nust
005 20180117090025.0
008 140626s2014 nyu b 001 0 eng
010 _a 2014013864
020 _a9781451697384 (hardback)
020 _z1451697384 (ebook)
040 _aDLC
_beng
_cDLC
_erda
_dDLC
042 _apcc
050 0 0 _aHC79.E5
_bK56 2014
082 0 0 _a363.738/74
_223
084 _aBUS069020
_aPOL044000
_aPOL024000
_2bisacsh
100 1 _aKlein, Naomi,
_d1970-
245 1 0 _aThis changes everything :
_bcapitalism vs. the climate /
_cNaomi Klein.
250 _aFirst Simon & Schuster hardcover edition.
264 1 _aNew York :
_bSimon & Schuster,
_c2014.
300 _ax, 566 pages ;
_c24 cm
336 _atext
_btxt
_2rdacontent
337 _aunmediated
_bn
_2rdamedia
338 _avolume
_bnc
_2rdacarrier
504 _aIncludes bibliographical references (pages 467-525) and index.
505 0 _aIntroduction : Decade Zero: One Way Or Another, Everything Changes -- The Right is Right : The Revolutionary Power of Climate Change -- Hot Money: How Free Market Fundamentalism Helped Overheat the Planet -- Public and Paid For : Why Climate Change Forces Us to Reclaim the Commons -- Planning and Banning : Slapping the Invisible Hand, Building a Movement -- Beyond Extractivism: Confronting the Climate Denier Within -- The Green Giveaway : The False Solutions that Wasted Decades -- No Messiahs : The Green Billionaires Won't Save Us -- Digging in Deeper : The Reckless Dreams of the Geoengineers -- Blockadia : The New Climate Warriors -- Love Will Save This Place : Rooted Movements, Real Victories -- You and What Army? : The Power of Keeping our Word, And Paying our Debts -- The Right to Regenerate : From Extraction to Renewal -- Conclusion : The Leap Years : Just Enough Time for Impossible.
520 _a"The most important book yet from the author of the international bestseller The Shock Doctrine, a brilliant explanation of why the climate crisis challenges us to abandon the core "free market" ideology of our time, restructure the global economy, and remake our political systems. In short, either we embrace radical change ourselves or radical changes will be visited upon our physical world. The status quo is no longer an option. In This Changes Everything Naomi Klein argues that climate change isn't just another issue to be neatly filed between taxes and health care. It's an alarm that calls us to fix an economic system that is already failing us in many ways. Klein meticulously builds the case for how massively reducing our greenhouse emissions is our best chance to simultaneously reduce gaping inequalities, re-imagine our broken democracies, and rebuild our gutted local economies. She exposes the ideological desperation of the climate-change deniers, the messianic delusions of the would-be geoengineers, and the tragic defeatism of too many mainstream green initiatives. And she demonstrates precisely why the market has not--and cannot--fix the climate crisis but will instead make things worse, with ever more extreme and ecologically damaging extraction methods, accompanied by rampant disaster capitalism. Klein argues that the changes to our relationship with nature and one another that are required to respond to the climate crisis humanely should not be viewed as grim penance, but rather as a kind of gift--a catalyst to transform broken economic and cultural priorities and to heal long-festering historical wounds. And she documents the inspiring movements that have already begun this process: communities that are not just refusing to be sites of further fossil fuel extraction but are building the next, regeneration-based economies right now. Can we pull off these changes in time? Nothing is certain. Nothing except that climate change changes everything. And for a very brief time, the nature of that change is still up to us"--
_cProvided by publisher.
650 0 _aEnvironmental economics.
650 0 _aEnvironmental policy
_xEconomic aspects.
650 0 _aClimatic changes
_xEconomic aspects.
650 0 _aGlobal environmental change
_xEconomic aspects.
650 0 _aCapitalism.
650 7 _aBUSINESS & ECONOMICS / International / Economics.
_2bisacsh
650 7 _aPOLITICAL SCIENCE / Public Policy / Environmental Policy.
_2bisacsh
650 7 _aPOLITICAL SCIENCE / Public Policy / Economic Policy.
_2bisacsh
856 4 2 _3Book review (H-Net)
_uhttp://www.h-net.org/reviews/showrev.php?id=43027
906 _a7
_bcbc
_corignew
_d1
_eecip
_f20
_gy-gencatlg
942 _2ddc
_cBK